Serviçco de bibliotecas e apoio à leitura (Record no. 46159)

MARC details
000 -Etiqueta do registo
Valores 00652cam a2200205 4500
100 ## - Dados gerais de processamento
Dados gerais 19941007d1994 demy0pory5003 ba
101 0# - Língua de publicação
Língua por
102 ## - País de publicação
País PT
200 1# - Titulo e menção de responsabilidade
Título próprio Serviçco de bibliotecas e apoio à leitura
Primeira menção de responsabilidade Fundacão Calouste Gulbenkian
210 #9 - Publicação
Local de publicação [Lisboa]
Nome do editor Fundacão Calouste Gulbenkian
Data de publicação imp. 1994
215 ## - Descrição física 
Paginação / Volumes 63 p.
Outras indicações físicas il.
Dimensões 19 cm
601 01 - Nome de colectividade usado como assunto
Entidade Funda—cão Calouste Gulbenkian.
Subdivisão Servi—co de Bibliotecas e Apoio á Leitura
675 ## - CDU
Notação 02
675 ## - CDU
Notação 027.3(469)"1958/1993"
Edição BN
Língua por
675 ## - CDU
Notação 061.2(469) FCG
Edição BN
Língua por
710 02 - Autor entidade principal
Nome da entidade Funda—cão Calouste Gulbenkian
801 #0 - Fonte de origem
País PT
Agência BN
Regras de catalogação RPC
990 ## - Elementos KOHA
Tipo de documento Livro
Holdings
Aquisição Empréstimo Código de barras Cota Permissão de empréstimo Tipo de documento
Biblioteca Escolar Doutor Hernâni Cidade Biblioteca Escolar Doutor Hernâni Cidade 83043 02 FCG BIB. S e LEIT.   Livro

Powered by Koha